Real estate office management : People, function system
| Format: | Book |
|---|---|
| Published: |
Chicago :
Real Estate Brokerage Council ,
1988
|
| Edition: | 2nd ed. |
| Subjects: |
MARC
| LEADER | 00000cam a2200000 7i4500 | ||
|---|---|---|---|
| 001 | 0000002864 | ||
| 005 | 20021107.0 | ||
| 020 | |a 0913652644 | ||
| 040 | |a INS | ||
| 090 | 0 | 0 | |a HD1375. |b R3928 1988 |
| 245 | 0 | 0 | |a Real estate office management : |b People, function system |
| 250 | |a 2nd ed. | ||
| 260 | |a Chicago : |b Real Estate Brokerage Council , |c 1988 | ||
| 300 | |a 374p. ; |c 23 cm. | ||
| 500 | |a Includes index | ||
| 650 | 0 | 0 | |a Office management |
| 650 | 0 | 0 | |a Real estate business |x Management |
| 999 | |a 0000004135 |b BOOK |c Open Shelf |e Default branch | ||